000 00722nam a2200193Ia 4500
008 0000001994 mX a 0000000000spa00
090 _aPUS00 A71r
245 1 0 _aRay Smith
_c/ Arco 1994 ; fotografías D. Jaimes Dee, Adam Reich, Carlos Tardan
300 _a[76] p.
_c/ 28 cm.
500 _aCon el patronazgo de la empresa colombiana PLARESA
600 0 0 _aSMITH, RAY, 1959/
_xTRABAJOS PICTORICOS
650 1 4 _aARTE CONTEMPORANEO ESTADOUNIDENSE
650 1 4 _xCATALOGOS
650 1 4 _xEXPOSICIONES
650 1 4 _aPINTORES ESTADOUNIDENSES
650 1 4 _aPINTURA ESTADOUNIDENSE
700 1 _aDee, D. Jaimes \ Reich, Adam \ Tardan, Carlos
999 _c8175
_d8175
260 _aNuevo León (México) : Galería Ramis Barquet
_c1994